| 000 | 00773cab a2200265 4500 | ||
|---|---|---|---|
| 001 | WB3109-05 | ||
| 008 | 090401t1995 xxu||||| |||| 00| 0 eng d | ||
| 035 | _a(Sirsi) u15353 | ||
| 041 | _aeng | ||
| 245 | _aTenders for Oresund tunnel | ||
| 260 | _c1995 | ||
| 350 | _a0 | ||
| 490 |
_aFinancial Times _v3 March 1995, 8(1) |
||
| 520 | _aTarmac is one of the five international companies which have tendered for the Oresund tunnel linking Denmark and Sweden. Tenders have exceeded the budget. | ||
| 650 | _aBUILDING PROJECTS | ||
| 650 | _aDENMARK | ||
| 650 | _aORESUND TUNNEL | ||
| 650 | _aSWEDEN | ||
| 650 | _aTARMAC | ||
| 650 | _aTENDERS | ||
| 690 | _aBUILDING AND CONSTRUCTION-PROJECTS | ||
| 690 | _aOVERSEAS-EUROPE | ||
| 942 | _n0 | ||
| 948 | _c04/03/1997 | ||
| 999 |
_c10059 _d10059 |
||